[Event "P-4730"]
[Site "IECC email"]
[Date "2011.12.18"]
[Round "?"]
[White "Martins, Karin"]
[Black "Kriechel, Ben"]
[Result "0-1"]
[WhiteElo "1781"]
[BlackElo "1882"]
[PlyCount "94"]
[EventDate "2011.??.??"]
[EventType "tourn (corr)"]
[SourceTitle "Telechess CBM 165"]
[Source "ChessBase"]
[SourceDate "2015.03.11"]
[SourceVersion "1"]
[SourceVersionDate "2015.03.11"]
[SourceQuality "1"]
[WhiteTeam "Germany"]
[BlackTeam "Netherlands"]
[WhiteTeamCountry "GER"]
[BlackTeamCountry "NED"]

1. e4 Nc6 2. Nf3 e5 3. Bb5 a6 4. Ba4 Nf6 5. 0-0 Nxe4 6. d4 Be7 7. Re1 f5 8. d5 Na5 9. Nxe5 0-0 10. c3 Bc5 11. Nd3 Ba7 12. Be3 Bxe3 13. Rxe3 b5 14. Bb3 Bb7 15. d6+ Nxb3 16. dxc7 Qg5 17. Qxb3+ Kh8 18. h4 Qxh4 19. Rh3 Qg5 20. Qc2 Rac8 21. a4 Rxc7 22. axb5 axb5 23. Na3 Ra8 24. Qc1 Qxc1+ 25. Nxc1 Bc6 26. Na2 Rca7 27. Nb4 Nc5 28. Re3 g6 29. Re7 Na4 30. Na2 Nxb2 31. Re2 Nd3 32. Nxb5 Bxb5 33. Rd2 Bc4 34. Rad1 Rxa2 35. Rxd3 Bxd3 36. Rxd3 Rb2 37. Rxd7 Raa2 38. g4 fxg4 39. Kh2 Rxf2+ 40. Kg3 h5 41. Kh4 Rf5 42. Re7 Raf2 43. Re4 Kh7 44. Re5 Rxe5 45. Kg3 Ref5 46. Kh4 R2f3 47. c4 Rh3# 0-1

[Event "IECC P-4445"]
[Site "IECC email"]
[Date "2008.05.24"]
[Round "?"]
[White "Heyvaert, Philippe"]
[Black "Kriechel, Ben"]
[Result "1/2-1/2"]
[WhiteElo "1765"]
[BlackElo "1907"]
[PlyCount "55"]
[EventDate "2008.??.??"]
[EventType "tourn (corr)"]
[EventRounds "1"]
[SourceTitle "Corr 2011"]
[Source "ChessBase"]
[SourceDate "2010.08.31"]
[SourceVersion "1"]
[SourceVersionDate "2010.08.31"]
[SourceQuality "1"]
[WhiteTeam "Belgium"]
[BlackTeam "Netherlands"]
[WhiteTeamCountry "BEL"]
[BlackTeamCountry "NED"]

1. d4 d5 2. c4 dxc4 3. Nf3 Nf6 4. e3 e6 5. Bxc4 c5 6. 0-0 a6 7. Qe2 b5 8. Bb3 Bb7 9. Rd1 Nbd7 10. Nc3 Qb6 11. d5 c4 12. dxe6 fxe6 13. Bc2 Bd6 14. Nd4 Be5 15. f4 Bxd4 16. Rxd4 e5 17. fxe5 Nxe5 18. b3 Rd8 19. Rxd8+ Qxd8 20. bxc4 Nxc4 21. Bb3 Na5 22. Ba3 Nxb3 23. axb3 Qb6 24. Qd2 Kf7 25. Ne2 Re8 26. Nd4 Be4 27. Qb4 Kg8 28. Qd6 1/2-1/2

[Event "IECG CB.2007.0.00177 email"]
[Site "IECG email"]
[Date "2007.12.29"]
[Round "?"]
[White "Kriechel, Ben"]
[Black "Pech, Jaroslav Sr"]
[Result "1-0"]
[WhiteElo "1877"]
[BlackElo "1895"]
[PlyCount "83"]
[EventDate "2007.12.29"]
[EventType "tourn (corr)"]
[EventRounds "6"]
[SourceTitle "Corr 2024"]
[Source "ChessBase"]
[SourceDate "2023.10.19"]
[SourceVersion "1"]
[SourceVersionDate "2023.10.19"]
[SourceQuality "1"]

1. e4 e5 2. Nf3 Nc6 3. Bb5 a6 4. Ba4 Nf6 5. 0-0 Be7 6. Re1 b5 7. Bb3 d6 8. c3 0-0 9. h3 h6 10. d4 Re8 11. Nbd2 Bf8 12. Nf1 Bb7 13. Ng3 Na5 14. Bc2 Nc4 15. b3 Nb6 16. Bd2 c5 17. d5 Qc7 18. Nh4 g6 19. Be3 c4 20. Qd2 h5 21. Bg5 Be7 22. Nf3 a5 23. a4 cxb3 24. Bxb3 Ba6 25. axb5 Bxb5 26. Bc2 a4 27. Reb1 Ra5 28. Rb4 a3 29. Bb3 Nc4 30. Qc2 Rea8 31. Bxc4 Bxc4 32. Nd2 Rc5 33. Be3 Bxd5 34. Bxc5 dxc5 35. Ra4 Rxa4 36. Qxa4 Bc6 37. Qxa3 h4 38. Qa7 Qd6 39. Ngf1 Nxe4 40. Nxe4 Bxe4 41. Ne3 Bf8 42. Qa4 1-0

[Event "IECG CP.2005.P.00133"]
[Site "IECG email"]
[Date "2005.10.01"]
[Round "?"]
[White "Kriechel, Ben"]
[Black "Orsolic, Marijan"]
[Result "1/2-1/2"]
[WhiteElo "1814"]
[BlackElo "2128"]
[PlyCount "54"]
[EventDate "2005.10.01"]
[EventType "tourn (corr)"]
[EventRounds "6"]
[SourceTitle "Corr 2008"]
[Source "ChessBase"]
[SourceDate "2008.06.24"]
[SourceVersion "1"]
[SourceVersionDate "2008.06.24"]
[SourceQuality "1"]

1. Nc3 c5 2. Nf3 d6 3. g3 Nf6 4. d4 cxd4 5. Nxd4 g6 6. Bg2 Bg7 7. 0-0 0-0 8. Bg5 h6 9. Bxf6 Bxf6 10. Nd5 Bg7 11. c4 Nc6 12. e3 Nxd4 13. exd4 e6 14. Nc3 Qb6 15. Rb1 Rd8 16. d5 e5 17. b4 Bf5 18. Ne4 Bxe4 19. Bxe4 Rac8 20. Qc2 f5 21. Bd3 e4 22. Be2 a5 23. a3 Rc7 24. Kg2 axb4 25. axb4 Rdc8 26. h4 Qd4 27. Rfd1 Qe5 1/2-1/2

[Event "IECC CL3-2003.20 email"]
[Site "IECC email"]
[Date "2003.09.01"]
[Round "?"]
[White "Kriechel, Ben"]
[Black "Newton, Hobart E"]
[Result "1-0"]
[WhiteElo "1907"]
[BlackElo "1938"]
[PlyCount "67"]
[EventDate "2003.??.??"]
[EventType "tourn (corr)"]
[EventRounds "4"]
[SourceTitle "Corr 2008"]
[Source "ChessBase"]
[SourceDate "2008.06.24"]
[SourceVersion "1"]
[SourceVersionDate "2008.06.24"]
[SourceQuality "1"]

1. Nc3 d5 2. e4 d4 3. Nce2 e5 4. Nf3 f6 5. Ng3 Be6 6. Be2 Bc5 7. 0-0 Ne7 8. d3 Nbc6 9. c3 a5 10. cxd4 Nxd4 11. Nxd4 Bxd4 12. Bg4 Bxg4 13. Qxg4 0-0 14. Kh1 Ra6 15. f4 exf4 16. Bxf4 Ng6 17. Nf5 Bxb2 18. Rad1 Kh8 19. d4 Qd7 20. Qe2 Rb6 21. Be3 Ba3 22. Qc2 Ne7 23. d5 Rb2 24. Qc3 Qa4 25. Bc1 Rxa2 26. Bxa3 Rxa3 27. Qc5 Qb4 28. Qxe7 Qxe7 29. Nxe7 Re3 30. Rc1 c6 31. dxc6 bxc6 32. Nxc6 a4 33. e5 a3 34. Ra1 1-0

[Event "IECG CP.2002.P.00085 email"]
[Site "IECG email"]
[Date "2002.10.01"]
[Round "?"]
[White "Kriechel, Ben"]
[Black "Truyens, Aime"]
[Result "1/2-1/2"]
[WhiteElo "1891"]
[BlackElo "2174"]
[PlyCount "93"]
[EventDate "2002.10.01"]
[EventType "tourn (corr)"]
[EventRounds "6"]
[EventCountry "BAR"]
[SourceTitle "Corr 2008"]
[Source "ChessBase"]
[SourceDate "2008.06.24"]
[SourceVersion "1"]
[SourceVersionDate "2008.06.24"]
[SourceQuality "1"]

1. Nc3 g6 2. h4 h6 3. d4 Bg7 4. e4 d6 5. Be3 a6 6. Bc4 Nc6 7. h5 g5 8. Nge2 e5 9. dxe5 Nxe5 10. Bb3 Be6 11. Nd4 Bxb3 12. Nf5 Bxa2 13. Rxa2 Kf8 14. Nd5 Nf6 15. Nxf6 Qxf6 16. 0-0 Nc6 17. Ra3 Qe6 18. f4 gxf4 19. Bxf4 Be5 20. Qd5 Qxd5 21. exd5 Ne7 22. Bxe5 dxe5 23. c4 Re8 24. Rb3 b6 25. d6 Nxf5 26. Rxf5 cxd6 27. Rxb6 Ke7 28. Rb7+ Ke6 29. Rbxf7 Re7 30. R7f6+ Kd7 31. Rg6 Kc6 32. b4 Rb8 33. c5 Rxb4 34. cxd6 Rd7 35. Rxe5 Rb5 36. Rxb5 axb5 37. Rxh6 b4 38. Re6 b3 39. Re2 Kc5 40. g4 Rxd6 41. Kf2 Kc4 42. Kg3 Rb6 43. g5 Rb5 44. Kf4 b2 45. Rxb2 Rxb2 46. g6 Rg2 47. Ke5 1/2-1/2

[Event "IECC TH-T email"]
[Site "IECC email"]
[Date "2000.09.07"]
[Round "?"]
[White "Pac, Maciej"]
[Black "Kriechel, Ben"]
[Result "1/2-1/2"]
[WhiteElo "1615"]
[BlackElo "1911"]
[PlyCount "113"]
[EventDate "2000.??.??"]
[EventType "match (corr)"]
[EventRounds "2"]
[SourceTitle "Corr 2008"]
[Source "ChessBase"]
[SourceDate "2008.06.24"]
[SourceVersion "1"]
[SourceVersionDate "2008.06.24"]
[SourceQuality "1"]

1. e4 c5 2. Nf3 Nc6 3. d4 cxd4 4. Nxd4 Nf6 5. Nc3 e5 6. Ndb5 d6 7. Bg5 a6 8. Na3 b5 9. Bxf6 gxf6 10. Nd5 f5 11. Bd3 Be6 12. 0-0 Bxd5 13. exd5 Ne7 14. Qh5 e4 15. Be2 Bg7 16. c3 0-0 17. Nc2 f4 18. Qg5 f5 19. Nd4 Nxd5 20. Qxd8 Rfxd8 21. Nxf5 Nb6 22. Nxg7 Kxg7 23. Rfd1 Kf6 24. Rd4 d5 25. Rad1 Re8 26. b3 Re6 27. c4 dxc4 28. bxc4 bxc4 29. Bg4 Re5 30. Rd6+ Kg5 31. Rxb6 Kxg4 32. Rd7 Rg8 33. Rxh7 Ra5 34. h3+ Kf5 35. Rc7 e3 36. fxe3 Rxa2 37. Rc5+ Ke4 38. Re6+ Kd3 39. Rd5+ Kc3 40. exf4 Rgxg2+ 41. Kf1 Rh2 42. Kg1 Rxh3 43. f5 a5 44. f6 Rg3+ 45. Kf1 Rf3+ 46. Ke1 a4 47. Re4 Rxf6 48. Rc5 Kd3 49. Rexc4 a3 50. Rc3+ Kd4 51. R5c4+ Ke5 52. Rc5+ Kf4 53. R5c4+ Kg5 54. Rc5+ Kg6 55. Rc2 Rxc2 56. Rxc2 Ra6 57. Ra2 1/2-1/2

[Event "IECC CL3-2000.09"]
[Site "IECC email"]
[Date "2000.01.04"]
[Round "?"]
[White "De Leeuw, Dirk"]
[Black "Kriechel, Ben"]
[Result "1-0"]
[WhiteElo "1932"]
[BlackElo "1802"]
[PlyCount "103"]
[EventDate "2000.??.??"]
[EventType "tourn (corr)"]
[EventRounds "4"]
[SourceTitle "Corr 2008"]
[Source "ChessBase"]
[SourceDate "2008.06.24"]
[SourceVersion "1"]
[SourceVersionDate "2008.06.24"]
[SourceQuality "1"]

1. e4 Nc6 2. Nf3 e5 3. Bb5 a6 4. Ba4 Nf6 5. 0-0 Be7 6. Re1 b5 7. Bb3 d6 8. c3 0-0 9. h3 Bb7 10. d4 Re8 11. Nbd2 Bf8 12. a4 h6 13. Bc2 Qd7 14. d5 Ne7 15. c4 c6 16. b3 Ng6 17. Nf1 bxc4 18. bxc4 a5 19. Ne3 Ba6 20. Nd2 Nf4 21. Nb3 Bb7 22. Bd2 Qc7 23. Rb1 cxd5 24. Bxa5 Qc6 25. exd5 Qxa4 26. Bf5 Re7 27. g3 Ng6 28. Ra1 Qe8 29. c5 dxc5 30. d6 Qc6 31. Kh2 Rd7 32. Bxd7 Nxd7 33. Bc3 Rxa1 34. Bxa1 Qb5 35. Bc3 Nf6 36. Na5 Ne4 37. Qb1 Qxb1 38. Rxb1 Bc8 39. Rb8 Be6 40. Nb7 Nxc3 41. Nxc5 Kh7 42. d7 Bxd7 43. Nxd7 Bd6 44. Rb7 e4 45. Nf5 Be5 46. Kg2 Kg8 47. Rb3 Na4 48. Rb4 Nc3 49. Rc4 Nd1 50. Rxe4 f6 51. Rb4 Nc3 52. Rb7 1-0

[Event "IECC CL3-2000.09"]
[Site "IECC email"]
[Date "2000.01.04"]
[Round "?"]
[White "Kriechel, Ben"]
[Black "Galvin, John H"]
[Result "0-1"]
[WhiteElo "1795"]
[BlackElo "1927"]
[PlyCount "76"]
[EventDate "2000.??.??"]
[EventType "tourn (corr)"]
[EventRounds "4"]
[SourceTitle "Corr 2008"]
[Source "ChessBase"]
[SourceDate "2008.06.24"]
[SourceVersion "1"]
[SourceVersionDate "2008.06.24"]
[SourceQuality "1"]

1. Nc3 d5 2. e4 d4 3. Nce2 e5 4. Nf3 Nc6 5. Ng3 h5 6. Bb5 h4 7. Ne2 h3 8. gxh3 Qf6 9. Nfg1 Bxh3 10. Nxh3 Rxh3 11. d3 0-0-0 12. Ng1 Rh8 13. Qg4+ Kb8 14. Bg5 Qg6 15. Bxc6 Bb4+ 16. Kd1 f6 17. a3 Bd6 18. Bd5 fxg5 19. Bxg8 Rdxg8 20. h3 Rf8 21. Rh2 Be7 22. Rg2 Qb6 23. Kc1 Rf4 24. Qe2 c5 25. f3 Rc8 26. Kb1 Qe6 27. Rg4 c4 28. dxc4 Rxc4 29. Qd3 Rf8 30. Rg2 Rfc8 31. Qb3 R8c6 32. Qd3 Rb6 33. Kc1 Rcc6 34. a4 Rb3 35. Qd1 Qc4 36. a5 Bb4 37. Kb1 Rxb2+ 38. Kxb2 Bc3+ 0-1

[Event "IECC Y2KO email"]
[Site "IECC email"]
[Date "1999.10.14"]
[Round "?"]
[White "Kenney, Brad"]
[Black "Kriechel, Ben"]
[Result "0-1"]
[WhiteElo "1029"]
[BlackElo "1758"]
[PlyCount "32"]
[EventDate "1999.??.??"]
[EventType "tourn (corr)"]
[EventRounds "2"]
[SourceTitle "Corr 2008"]
[Source "ChessBase"]
[SourceDate "2008.06.24"]
[SourceVersion "1"]
[SourceVersionDate "2008.06.24"]
[SourceQuality "1"]

1. d4 Nc6 2. f3 d5 3. e4 dxe4 4. d5 exf3 5. Nxf3 Nb4 6. c4 e5 7. a3 Na6 8. Nc3 Bg4 9. Be2 Bxf3 10. Qa4+ c6 11. Bxf3 Nc5 12. Qc2 Qh4+ 13. g3 Qxc4 14. Be2 Qb3 15. Qf5 Nd7 16. dxc6 bxc6 0-1

[Event "IECC CL3-1999.32"]
[Site "IECC email"]
[Date "1999.08.17"]
[Round "?"]
[White "De Leeuw, Dirk"]
[Black "Kriechel, Ben"]
[Result "1-0"]
[WhiteElo "1992"]
[BlackElo "1779"]
[PlyCount "107"]
[EventDate "1999.??.??"]
[EventType "tourn (corr)"]
[EventRounds "4"]
[SourceTitle "Corr 2008"]
[Source "ChessBase"]
[SourceDate "2008.06.24"]
[SourceVersion "1"]
[SourceVersionDate "2008.06.24"]
[SourceQuality "1"]

1. d4 Nc6 2. Nf3 d5 3. c4 Bg4 4. cxd5 Bxf3 5. gxf3 Qxd5 6. e3 e5 7. Nc3 Bb4 8. Bd2 Bxc3 9. bxc3 exd4 10. cxd4 Nge7 11. Bd3 0-0-0 12. Be4 Qe6 13. Qb3 Nd5 14. Rb1 b6 15. Qa4 Rd6 16. Rc1 g6 17. Qc4 Kb7 18. 0-0 f5 19. Bd3 Nb8 20. h3 c6 21. Rfe1 Qf6 22. a3 Rhd8 23. Bf1 Qh4 24. a4 h5 25. a5 b5 26. Qc2 Rf6 27. e4 Nf4 28. d5 fxe4 29. Bxf4 Qxf4 30. fxe4 Re8 31. Bg2 Re5 32. Re3 Rg5 33. e5 Rxe5 34. Rxe5 Qxe5 35. Qc5 Ka6 36. dxc6 Nxc6 37. Bxc6 Qxc5 38. Rxc5 Kxa5 39. Bxb5 Kb4 40. Rg5 a5 41. Be8 a4 42. Rb5+ Kc3 43. Ra5 Re6 44. Bxa4 Kb4 45. Ra8 Kc3 46. Rg8 h4 47. Bd7 Rd6 48. Rg7 Kd4 49. Be8 Ke5 50. Rxg6 Rxg6+ 51. Bxg6 Kf4 52. Bc2 Kf3 53. Bb1 Kf4 54. Kg2 1-0

[Event "IECC P email"]
[Site "IECC email"]
[Date "1999.07.07"]
[Round "?"]
[White "Caressa, Marco"]
[Black "Kriechel, Ben"]
[Result "0-1"]
[WhiteElo "1893"]
[BlackElo "1741"]
[PlyCount "22"]
[EventDate "1999.??.??"]
[EventType "tourn (corr)"]
[EventRounds "6"]
[SourceTitle "Corr 2008"]
[Source "ChessBase"]
[SourceDate "2008.06.24"]
[SourceVersion "1"]
[SourceVersionDate "2008.06.24"]
[SourceQuality "1"]

1. e4 Nc6 2. d4 d5 3. Nc3 dxe4 4. d5 Ne5 5. Qd4 Ng6 6. Bb5+ Bd7 7. Qxe4 Bxb5 8. Nxb5 Qd7 9. Qc4 c6 10. dxc6 bxc6 11. Nxa7 Rxa7 0-1

[Event "IECC CL4-1999.27"]
[Site "IECC email"]
[Date "1999.06.29"]
[Round "?"]
[White "Kriechel, Ben"]
[Black "Cornacchini, Gabriele"]
[Result "0-1"]
[WhiteElo "1772"]
[BlackElo "1595"]
[PlyCount "64"]
[EventDate "1999.??.??"]
[EventType "tourn (corr)"]
[EventRounds "4"]
[SourceTitle "Corr 2008"]
[Source "ChessBase"]
[SourceDate "2008.06.24"]
[SourceVersion "1"]
[SourceVersionDate "2008.06.24"]
[SourceQuality "1"]

1. e4 c6 2. c4 d5 3. exd5 Nf6 4. Nc3 cxd5 5. d4 e6 6. Nf3 Be7 7. cxd5 Nxd5 8. Bd3 Nc6 9. 0-0 0-0 10. Re1 Nf6 11. Bg5 h6 12. Be3 b6 13. a3 Bb7 14. h3 Rc8 15. Rc1 a6 16. Qd2 Na5 17. Rcd1 Bxf3 18. gxf3 Nc4 19. Bxc4 Rxc4 20. d5 Qd6 21. Bxh6 gxh6 22. Qxh6 Qf4 23. Qxf4 Rxf4 24. d6 Bd8 25. Re5 Kh7 26. Rg5 Rxf3 27. Kg2 Rf4 28. b3 Rh4 29. Rg3 Nh5 30. Rg4 Rg8 31. f3 Nf4+ 32. Kf2 Nxh3+ 0-1

[Event "IECC Swiss email"]
[Site "IECC email"]
[Date "1999.04.22"]
[Round "?"]
[White "Kriechel, Ben"]
[Black "Roldan Ortiz, Antonio Jose"]
[Result "0-1"]
[WhiteElo "1752"]
[BlackElo "1870"]
[PlyCount "68"]
[EventDate "1999.??.??"]
[EventType "tourn (corr)"]
[EventRounds "6"]
[SourceTitle "Corr 2008"]
[Source "ChessBase"]
[SourceDate "2008.06.24"]
[SourceVersion "1"]
[SourceVersionDate "2008.06.24"]
[SourceQuality "1"]

1. Nc3 c6 2. g3 d5 3. Bg2 e5 4. d4 e4 5. f3 f5 6. Nh3 Nf6 7. 0-0 Bd6 8. Bf4 0-0 9. Qd2 Na6 10. e3 Nc7 11. Bxd6 Qxd6 12. Nf4 Bd7 13. Na4 b6 14. Nc3 Rae8 15. fxe4 fxe4 16. a4 g5 17. Nh3 h6 18. a5 b5 19. Nf2 g4 20. Ne2 Ne6 21. Nf4 Nxf4 22. gxf4 h5 23. c3 Re7 24. b3 Rg7 25. c4 h4 26. cxb5 cxb5 27. Rfc1 h3 28. Bf1 g3 29. Nxh3 g2 30. Bxb5 Bxb5 31. Ng5 Bf1 32. h4 Qd7 33. Rxf1 gxf1Q+ 34. Rxf1 Qg4+ 0-1